书目信息 |
| 题名: |
无机化学
|
|
| 作者: | 长岛弘三 著 ;郑录 译 | |
| 分册: | ||
| 出版信息: | 北京 人民教育出版社 1981.03 |
|
| 页数: | 247页 | |
| 开本: | 21cm | |
| 丛书名: | ||
| 单 册: | ||
| 中图分类: | O61 | |
| 科图分类: | ||
| 主题词: | 无机化学 | |
| 电子资源: | ||
| ISBN: | ||
| 000 | 00528nam0 2200193 45 | |
| 001 | 0405211646 | |
| 005 | 20060814154416.54 | |
| 010 | @dCNY0.76 | |
| 100 | @a20040521d1981 km y0chiy0120 ea | |
| 101 | 0 | @achi@cjpn |
| 200 | 1 | @a无机化学@AWu Ji Hua Xue@f(日)长岛弘三等著@F(Ri)Chang Dao Hong San DengZhu@g郑录等译 |
| 210 | @a北京@c人民教育出版社@d1981.03 | |
| 215 | @a247页@d21cm | |
| 606 | 0 | @a无机化学 |
| 690 | @aO61@v3 | |
| 701 | 0 | @a长岛弘三@4著 |
| 702 | 0 | @a郑录@AZheng Lu@4译 |
| 801 | @aCN@bPftUser@c20060814 | |
| 905 | @dO61@e1 | |
| 无机化学/(日)长岛弘三等著/郑录等译.-北京:人民教育出版社,1981.03 |
| 247页;21cm |
| ISBN :CNY0.76 |
| ● |
| 相关链接 |
|
|
|
|
正题名:无机化学
索取号:O61/1
 
预约/预借
| 序号 | 登录号 | 条形码 | 馆藏地/架位号 | 状态 | 备注 |
| 1 | 0062610 | 000347459 | 第二样本阅览室/ [索取号:O61/1] | 在馆 | |
| 2 | 0062611 | 202227679 | 密集书库/ [索取号:O61/1] | 在馆 | |
| 3 | 0062612 | 001937505 | 密集书库/ [索取号:O61/1] | 在馆 | |
| 4 | 0062613 | 202227660 | 密集书库/ [索取号:O61/1] | 在馆 | |
| 5 | 0062614 | 202226670 | 密集书库/ [索取号:O61/1] | 在馆 | |
| 6 | 0062615 | 202227642 | 密集书库/ [索取号:O61/1] | 在馆 | |
| 7 | 0062616 | 000347529 | 第三借阅区/ [索取号:O61/1] | 在馆 | |
| 8 | 0062617 | 202227651 | 密集书库/ [索取号:O61/1] | 在馆 | |
| 9 | 0062618 | 202227615 | 密集书库/ [索取号:O61/1] | 在馆 | |
| 10 | 0062619 | 202227606 | 密集书库/ [索取号:O61/1] | 在馆 | |
| 11 | 0432230 | 204322303 | 密集书库/ [索取号:O61/1] | 在馆 | |
| 12 | 0443118 | 204431187 | 密集书库/ [索取号:O61/1] | 在馆 | |
| 13 | 0443119 | 204431196 | 密集书库/ [索取号:O61/1] | 在馆 | |
| 14 | 0461168 | 204611688 | 密集书库/ [索取号:O61/1] | 在馆 | |
| 15 | 0461169 | 204611697 | 密集书库/ [索取号:O61/1] | 在馆 | |
| 16 | 0461170 | 204611704 | 密集书库/ [索取号:O61/1] | 在馆 | |
| 17 | 0461171 | 204611713 | 密集书库/ [索取号:O61/1] | 在馆 | |
| 18 | 0461172 | 204611722 | 密集书库/ [索取号:O61/1] | 在馆 | |
| 19 | 0461173 | 204611731 | 密集书库/ [索取号:O61/1] | 在馆 |